|
|
|
|
| LEADER |
00704mam a2200205 a 4500 |
| 008 |
921016s1992 ii 000 0 eng |
| 010 |
|
|
|a 92906386
|
| 020 |
|
|
|a 0670847259:
|c Rs100.00
|
| 025 |
|
|
|a I-E-69157
|
| 035 |
|
|
|a (OCoLC)ocm28149979
|
| 082 |
0 |
0 |
|a 823.92 MAH/W
|2 20
|
| 100 |
1 |
|
|a Mahapatra, Jayanta.
|
| 245 |
1 |
2 |
|a A whiteness of bone :
|b poems /
|c Jayanta Mahapatra.
|
| 250 |
|
|
|a 1st ed.
|
| 260 |
|
|
|a New Delhi, India ;
|a New York, N.Y., USA :
|b Viking,
|c 1992.
|
| 300 |
|
|
|a ix, 69 p. ;
|c 23 cm.
|
| 900 |
|
|
|a AUTH
|
| 942 |
|
|
|2 ddc
|c BK
|
| 999 |
|
|
|c 192082
|d 192082
|
| 952 |
|
|
|0 0
|1 0
|4 0
|6 823_920000000000000_MAH_W
|7 0
|9 211938
|a ENG
|b ENG
|c ST1
|d 2015-11-28
|i 14231
|l 0
|o 823.92 MAH/W
|p ENG14231
|r 2015-11-28
|w 2015-11-28
|y BK
|